Sports Quiz

Random Sports or Football Quiz

BCS Bowl Games Quiz Stats

 Plays Quiz Updated Nov 21, 2016

Challenge
Share
Tweet
Embed
Score 0/5 Timer 00:30
0 Plays Today
Location Bowl Game % Correct
PasadenaRose Bowl
98.5%
MiamiOrange Bowl
93.8%
New OrleansSugar Bowl
90.5%
GlendaleFiesta Bowl
86%
VariousNational Championship Game
67.7%

You're not logged in!

Compare scores with friends on all Sporcle quizzes.
OR
Log In

You Might Also Like...

Show Comments

Extras

Top Quizzes Today


Score Distribution

Your Account Isn't Verified!

In order to create a playlist on Sporcle, you need to verify the email address you used during registration. Go to your Sporcle Settings to finish the process.

Report this User

Report this user for behavior that violates our Community Guidelines.

Details: